Evaluation Review <a> Journal of Applied Social Research

Gespeichert in:
Bibliographische Detailangaben
Format: Schriftenreihe
Sprache:Englisch
Veröffentlicht: Thousand Oaks SAGE Publ
Schlagworte:
Tags: Tag hinzufügen
Keine Tags, Fügen Sie das erste Tag hinzu!

MARC

LEADER 00000nas1a22000001 4500
001 s120165
005 20250701092114.7
022 |a 0193-841X 
022 |a 1552-3926 
041 0 |a eng 
044 |a US 
245 1 0 |a Evaluation Review  |b <a> Journal of Applied Social Research 
264 1 |a Thousand Oaks  |b SAGE Publ 
610 2 0 |a výskum sociologický 
610 2 0 |a ekonómia